000 01440aam a2200421 i 4500
001 vtls000898224
003 PNM
005 20211213115830.0
008 200221s2020 my e 000 f may
015 _aM20-02481
020 _a9789671700440
_qpaperback
_cRM45.00
039 9 _a202111161447
_bazeantie
_c202111080929
_dnadia_a
_c202005081016
_dsiti
040 _aBNM
_beng
_cBNM
_dPNM
_dPPAK
_erda
049 _aklpmal
082 0 4 _a899.2333
_223
090 0 0 _a899.2333
_bASA
_dG
100 0 _aA. Samad Said,
_q(Abdul Samad Said),
_cDato',
_d1935-
_eauthor.
245 1 0 _aSALINA /
_ca. samad said ; Editor Zalila Isa
250 _aCetakan Pertama Edisi Kenangan 60 Tahun 2020
264 1 _aSemenyih, Selangor :
_bNUHA CREATIVE RESOURCES,
_c2020
300 _a454 pages ;
_c23 cm.
336 _atext
_2rdacontent
337 _aunmediated
_2rdamedia
338 _avolume
_2rdacarrier
490 1 _aSIRI APRESIASI SASTERAWAN NEGARA
650 1 0 _aMalay fiction
650 2 4 _aMalaysian fiction (Malay)
700 0 _aZalila Isa,
_eeditor.
830 0 _aSiri apresiasi sasterawan negara
942 _2ddc
_cB
949 _62000712233
_a899.2333 ASS M
949 _62000712232
_a899.2333 ASS M
949 _62000712216
_a899.2333 ASS M
949 _61001441004
_e2745842
_s3712:20211108
949 _61001441002
_e2745844
_s3712:20211108
949 _61001441001
_e2745845
_s3712:20211108
949 _61001441003
_e2745843
_s3712:20211108
999 _c186482
_d186482